Statistics for Brazilian City By Picture

Click here to take the quiz!

General Stats

  • This quiz has been taken 98 times
    (96 since last reset)
  • The average score is 10 of 12

Answer Stats

Answer% Correct
Rio de Janeiro
100%
Sao Paulo
99%
Brasilia
92%
Manaus
86%
Recife
85%
Salvador
82%
Fortaleza
80%
Porto Alegre
80%
Belo Horizonte
78%
Belem
72%
Curitiba
72%
Natal
59%

Score Distribution

Percentile by Number Answered

Percent of People with Each Score

Your Score History

You have not taken this quiz since the last reset